000 00475nam a2200181Ia 4500
003 GCL
008 140319s9999 xx 000 0 ara d
040 _aGCL /
_cGCL
082 0 4 _a814.008
_bم ك
100 1 _aمى زيادة
245 1 0 _aكلمات واشارات /
_cمى زيادة
300 _a144 ص
490 _a100 قصة
_v0
650 0 4 _aالادب العربى
650 0 4 _aالمقالات العربية
650 0 4 _aالمقالات
942 _2ddc
_cBK
999 _c45790
_d45790